Global market report 2008 (Record no. 109191)

MARC details
000 -LEADER
fixed length control field 01058cad a22002295a 4500
001 - CONTROL NUMBER
control field L146473
008 - FIXED-LENGTH DATA ELEMENTS--GENERAL INFORMATION
fixed length control field 090123s2008 d f s 000 0 eng d
035 ## - SYSTEM CONTROL NUMBER
System control number (Sirsi) u146473
041 0# - LANGUAGE CODE
Language code of text/sound track or separate title eng
050 04 - LIBRARY OF CONGRESS CALL NUMBER
Classification number 333.33 $2 18
110 2# - MAIN ENTRY--CORPORATE NAME
Corporate name or jurisdiction name as entry element NAI Global
9 (RLIN) 5315
245 00 - TITLE STATEMENT
Title Global market report 2008
Medium [electronic resource]
260 ## - PUBLICATION, DISTRIBUTION, ETC.
Place of publication, distribution, etc. Princeton
Name of publisher, distributor, etc. NAI Global
Date of publication, distribution, etc. 2008
490 #0 - SERIES STATEMENT
Series statement NAI Global Market Report
Volume/sequential designation 2008
520 ## - SUMMARY, ETC.
Summary, etc. Provides an overview of market conditions in 213 commercial real estate markets throughout all regions of the world. Considers the office, industrial, retail space and land markets. Analyses regional and international economic trends. Highlights trends in space absorption and construction activity. Reviews population and employment figures. Includes tables.
590 ## - LOCAL NOTE (RLIN)
Local note KA NTK
650 24 - SUBJECT ADDED ENTRY--TOPICAL TERM
Topical term or geographic name entry element NAI GLOBAL MARKET REPORT
651 #4 - SUBJECT ADDED ENTRY--GEOGRAPHIC NAME
Geographic name International
690 ## - LOCAL SUBJECT ADDED ENTRY--TOPICAL TERM (OCLC, RLIN)
Topical term or geographic name as entry element PROPERTY-COMMERCIAL PROPERTY-COMMERCIAL PROPERTY MARKET
856 40 - ELECTRONIC LOCATION AND ACCESS
Uniform Resource Identifier <a href="https://www.naiglobal.com">https://www.naiglobal.com</a>
Public note View the item free of charge at www.naiglobal.com...
942 ## - ADDED ENTRY ELEMENTS (KOHA)
Suppress in OPAC 0
Holdings
Withdrawn status Lost status Source of classification or shelving scheme Damaged status Not for loan Home library Current library Shelving location Date acquired Total Checkouts Full call number Barcode Date last seen Copy number Price effective from Koha item type
    Dewey Decimal Classification     Virtual Virtual Online 23/01/2009   ONLINE PUBLICATION 146473-2001 06/08/2019 1 06/08/2019 Book